| 000 | 00756nam a2200205 a 4500 | ||
|---|---|---|---|
| 001 | 000045757 | ||
| 005 | 20201002052428.0 | ||
| 008 | 150511s1993 dr a 000 0 spa d | ||
| 020 | _a980010478X | ||
| 040 |
_aDO-SdBNP _bspa _cBNPHU |
||
| 082 |
_axxxx _bxxxx |
||
| 100 | 1 |
_aGoldberg, Jacqueline, _d1966- _973830 |
|
| 245 | 1 | 4 |
_aUna señora con sombrero / _cJacqueline Goldberg ; ilustraciones de Cristina Keller. |
| 260 |
_aCaracas, Venezuela : _bMonte Ávila Editores Latinoamericana, _c1993. |
||
| 300 |
_a[28] P. : _bil. ; _c21 cm. |
||
| 490 | 1 |
_aPrimera dimensión _aazul. |
|
| 500 | _aIncluye datos biográficos de la autora en la solapa de la contracubierta | ||
| 700 | 1 | 2 |
_aKeller, Cristina, _eil. _973831 |
| 830 | 0 |
_aPrimera dimensión ; _pazul. _973832 |
|
| 999 |
_c45246 _d45246 |
||